Oravice - revitalizácia centra

Guardado en:
Detalles Bibliográficos
Autor principal: Havrila, Patrik (Autor)
Otros Autores: Nádaská, Zuzana (Orientador)
Formato: Manuscrito Libro
Lenguaje:eslovaco
Publicado: 2017
Materias:
Acceso en línea:http://is.stuba.sk/zp/portal_zp.pl?podrobnosti=120743
https://opac.crzp.sk/?fn=detailBiblioForm&sid=427371B0090519B80443DF21842E
Etiquetas: Agregar Etiqueta
Sin Etiquetas, Sea el primero en etiquetar este registro!

MARC

LEADER 00000ntm a22000003a 4500
001 stuzp55851
003 SK-STU
005 20230531093708.4
007 ta
008 150427s2015----xo-----f-mn---000-0-slo-d
040 |a STU  |b slo 
041 0 |a slo 
100 1 |a Havrila, Patrik  |u 010310  |4 aut  |U SvF Stavebná fakulta  |T SvF Katedra architektúry  |X 42094  |U V181|V310  |Y 19  |7 42094 
242 0 1 |a Oravice - Revitalization of the center  |y eng 
245 1 0 |a Oravice - revitalizácia centra 
260 |c 2017 
650 4 |a revitalizácia  |2 slo 
650 4 |a centrum obce  |2 slo 
650 4 |a ľudová architektúra  |2 slo 
650 4 |a revitalization  |2 eng 
650 4 |a center of a village  |2 eng 
650 4 |a vernacular architecture  |2 eng 
700 1 |a Nádaská, Zuzana  |u 010310  |k Z1  |4 ths  |U SvF Stavebná fakulta  |T SvF Katedra architektúry  |X 790  |U V181|V310  |Y 19  |7 A000000790 
856 4 |u http://is.stuba.sk/zp/portal_zp.pl?podrobnosti=120743 
856 4 |u https://opac.crzp.sk/?fn=detailBiblioForm&sid=427371B0090519B80443DF21842E